000 01314nam a2200397 a 4500
001 20452
003 VRT
005 20260122142236.0
008 960531q1995 xo p 000 0 slo c
020 _a8088834139 (brož.)
035 _aUKB000184593
040 _aBAA001
_bslo
_cBAA001
_eAACR2
041 1 _aslo
_hlat
044 _axo
_cSK
080 _a372.887.1
100 1 _aCicero, Marcus Tullius,
_d106-43 pred Kr.
243 1 0 _aLiteratúra starovekého Ríma
245 0 0 _aMier duše
_b(Cicero, Seneca - vybrané spisy)
_c[prel. Martin Vozák, Miloslav Okál]
260 _aRohovce
_bInterpopulart Slovakia
_c[1995]
300 _a79 s
490 1 _aPopulart. Študentská knižnica
_v14
500 _aLiteratúra starovekého Ríma
504 _aBibliogr. s. 77
650 0 7 _aliteratúra latinská staroveká
_xZŠ a SŠ
_xučebnice
653 _a372.887.1
700 1 _aSeneca, Lucius Annaeus,
_dokolo 4 pred Kr.-65 po Kr.
_4aut
700 1 _aVozák, Martin
_4trl
700 1 _aOkál, Miloslav
_4trl
760 1 _tPopulart. Študentská knižnica
830 0 _aPopulart. Študentská knižnica
_v14
910 _aukb
942 _2ddc
_cKLDO
_n0
949 _61800004739
_a30.D.64388
_bPV.1829-96
949 _61800004738
_aSL.D.23197
_bPV.1830-96
949 _61800006911
_a30.D.64388
_bKD.174-96
999 _c20452
_d20452